Türkiye ekonomisi 2004 (Record no. 9299)

MARC details
000 -BAŞLIK
Sabit Uzunlukta Kontrol Alanı 01281na a2200337 4500
001 - KONTROL NUMARASI
Denetim Alanı 20998
003 - KONTROL NUMARASI IDENTIFIER
Denetim Alanı MIRAKIL
005 - SON İŞLEM TARİHİ VE ZAMANI
Denetim Alanı 20181213155242.0
008 - SABİT-BOY VERİ ELEMANLARI - GENEL BİLGİLER
Sabit Uzunlukta Kontrol Alanı 170130b tu 000 0
020 ## - ULUSLARARASI STANDART KİTAP NUMARASI
Uluslararası Standart Kitap Numarası 9757215473
035 ## - SİSTEM KONTROL NUMARASI
Sistem Kontrol Numarası 20998
040 ## - KATALOGLAMA KAYNAK
Orijinal Kataloglama Ajansı Milas
Kataloglama Dili tur
Metne Dönüştürmek Ajansı TR-AnCHP
041 ## - DİL KODU
Metin / Ses Parça Veya Ayrı Başlığın Dil Kodu tur
082 ## - DEWEY ONLU SINIFLANDIRMA NUMARASI
Sınıflandırma Numarası 330.9561
Ürün Numarası M97t 2004
090 ## - SINIFLAMA NUMARASI
Sınıflama Numarası 330.9561 M97t 2004
110 ## - ANA GİRİŞ - KURUMSAL ADI
Giriş Elemanı Olarak Kurumsal Ad Veya Yargı Alanı Adı Müstakil Sanayici ve İşadamları Derneği
245 ## - BAŞLIK TABLOSU
Başlık Türkiye ekonomisi 2004
Başlığın Kalan 2003 yılı değerlendirmesi
-- 2004 yılı beklentileri
-- MÜSİAD'ın ekonomide yeniden yapılanma önerileri
Sorumluluk Tablosu, Vb MÜSİAD
246 ## - UNVAN FORM VARYING
Başlık Doğru / Kısa Başlığı 2003 yılı değerlendirmesi
246 ## - UNVAN FORM VARYING
Başlık Doğru / Kısa Başlığı 2004 yılı beklentileri
246 ## - UNVAN FORM VARYING
Başlık Doğru / Kısa Başlığı MÜSİAD'ın ekonomide yeniden yapılanma önerileri
260 ## - YAYIN, DAĞITIM, VB
Yayın, Dağıtım, Vb Yeri İstanbul
Yayıncı, Dağıtıcı, Vs Adı MÜSİAD
Yayın, Dağıtım, Vb Tarihi 2004
Üretici Firma Bilge Matbaacılık
300 ## - FİZİKSEL TANIM
Kapsam 104 s.
Diğer Fiziksel Ayrıntıları tbl. ; grf.
Boyutlar 30 sm.
490 ## - SERİSİ TABLOSU
Seri Beyanı MÜSİAD Araştırma raporları
Hacim / Ardışık Tanımı 45
610 ## - KONU KATMA GİRİŞ - TOPLANTI ADI
Giriş Elemanı Olarak Kurumsal Ad Veya Yargı Alanı Adı Müstakil Sanayici Ve İş Adamları Derneği (MÜSİAD)
Genel Alt Bölüm Ekonomik durum
Kronolojik Alt Bölüm Raporlar
650 ## - KONU KATMA GİRİŞ - TOPİKAL DÖNEM
Topikal Süreli Veya Coğrafi Ad Giriş Elemanı Türkiye
Genel Alt Bölümü Ekonomik durum
710 ## - KATMA GİRİŞ - KURUMSAL ADI
Giriş Elemanı Olarak Kurumsal Ad Veya Yargı Alanı Adı Müstakil Sanayici ve İş Adamları Derneği (MÜSİAD)
740 ## - KATMA GİRİŞ - KONTROLSUZ İLGİLİ / ANALİTİK BAŞLIK
Kontrol Edilmeyen / İlgili Analitik Başlıktaki 2003 yılı değerlendirmesi
740 ## - KATMA GİRİŞ - KONTROLSUZ İLGİLİ / ANALİTİK BAŞLIK
Kontrol Edilmeyen / İlgili Analitik Başlıktaki 2004 yılı beklentileri
740 ## - KATMA GİRİŞ - KONTROLSUZ İLGİLİ / ANALİTİK BAŞLIK
Kontrol Edilmeyen / İlgili Analitik Başlıktaki MÜSİAD'ın ekonomide yeniden yapılanma önerileri
942 ## - EKLENDİ GİRİŞ ELEMANLARI (KOHA)
Sınıflandırma Veya Raf Düzeni Kaynak
Koha Öğesi Türü Books
999 ## - SİSTEM KONTROL NUMARALARI (KOHA)
Koha Biblionumber 9299
Koha Biblioitemnumber 9299
Holdings
Kalıcı Konum Mevcut Konum Edinme Tarihi Edinim Kaynak Toplam Check-Out'Lar Tam Çağrı Numarası Barkod Tarih Son Görülme İtibaren Geçerli Fiyatlar Koha Öğesi Türü
CHP Kütüphanesi CHP Kütüphanesi 01/30/2017 Bağış   330.9561 M97t 2004 012157 01/30/2017 01/30/2017 Books